Pseudo Random Binary Sequence Technique for Li-ion Cell Parameter Extraction / (Record no. 601985)

000 -LEADER
fixed length control field 00501nam a2200157Ia 4500
008 - FIXED-LENGTH DATA ELEMENTS--GENERAL INFORMATION
fixed length control field 230907s9999||||xx |||||||||||||| ||und||
082 ## - DEWEY DECIMAL CLASSIFICATION NUMBER
Classification number 621.3
Author Mark TAI
100 ## - MAIN ENTRY--PERSONAL NAME
Personal name Muhammad Taimoor Talat (00000206678)
9 (RLIN) 116631
245 #0 - TITLE STATEMENT
Title Pseudo Random Binary Sequence Technique for Li-ion Cell Parameter Extraction /
260 ## - PUBLICATION, DISTRIBUTION, ETC.
Place of publication, distribution, etc. USPCAS-E, NUST,
Name of publisher, distributor, etc. Islamabad :
Date of publication, distribution, etc. 2021
300 ## - PHYSICAL DESCRIPTION
Extent 75 p.
520 ## - SUMMARY, ETC.
Summary, etc. TH-307
650 ## - SUBJECT ADDED ENTRY--TOPICAL TERM
Topical term or geographic name entry element MS-EPE Thesis
9 (RLIN) 116632
700 ## - ADDED ENTRY--PERSONAL NAME
Personal name Dr Hassan Abdullah Khalid
9 (RLIN) 28912
942 ## - ADDED ENTRY ELEMENTS (KOHA)
Koha item type Thesis
Source of classification or shelving scheme
Holdings
Withdrawn status Lost status Source of classification or shelving scheme Damaged status Not for loan Permanent Location Current Location Date acquired Full call number Barcode Date last seen Price effective from Koha item type
          US-Pakistan Center for Advanced Studies in Energy (USPCAS-E) US-Pakistan Center for Advanced Studies in Energy (USPCAS-E) 11/17/2021 621.3 TAI CAS-ETH0000307 09/12/2023 09/12/2023 Thesis
© 2023 Central Library, National University of Sciences and Technology. All Rights Reserved.